000 00676nam a2200241Ia 4500
003 OSt
005 20220912151739.0
006 a|||||r|||| 00| 0
007 ta
008 220909b |||||||| |||| 00| 0 eng d
020 _a817525050X (hbd)
024 _a6219
037 _cTextual
040 _aCSL
_beng
_cCSL
041 _aeng
100 _aGupta H O Ed
245 0 _aProcessing, finance and marketing in food indsutry ed by H O Gupta
260 _aDelhi
_bAssociation of Food Scientists and Technologists
_c1997
300 _a209p
500 _aIncludes bibliographical references; ^mGift
942 _cTEXL
_2CC
999 _c74493
_d74493